[Event "Qualifikationsturnier zu Staat"]
[Site "KOeflach"]
[Date "2006.09.04"]
[Round "3"]
[Board "1"]
[White "Winiwarter, Felix"]
[Black "Prager, Manfred"]
[Result "1-0"]
[WhiteElo "2175"]
[BlackElo "2035"]
[PlyCount "103"]
[EventDate "2006.09.02"]
[EventRounds "9"]
[EventCountry "AUT"]

1.d4 Nf6 2.Nf3 d5 3.c4 e6 4.Nc3 Be7 5.e3 O-O 6.Bd3 dxc4 7.Bxc4 Nbd7 8.O-O c5
9.Qe2 cxd4 10.exd4 Nb6 11.Bd3 Bd7 12.Bg5 Nbd5 13.Ne5 Rc8 14.Rac1 Nxc3 15.bxc3
Nd5 16.Bd2 Be8 17.Bb1 f6 18.Qd3 g6 19.Nf3 Bf7 20.c4 Nb4 21.Qe3 Re8 22.Rfd1 b6
23.h4 Bf8 24.h5 Nc6 25.hxg6 hxg6 26.Qf4 Bg7 27.Qh4 Ne7 28.Qh3 Nf5 29.Bf4 Qe7
30.g4 Nd6 31.c5 bxc5 32.dxc5 Nb5 33.a4 e5 34.Be3 Na3 35.Be4 Nc4 36.Rxc4 Bxc4
37.Bxg6 Red8 38.Rc1 Be6 39.Bh7+ Kf8 40.c6 Rd5 41.Be4 Ra5 42.Nh4 Qb4 43.Qf3 Kg8
44.Bf5 Bd5 45.Bxc8 Bxf3 46.Be6+ Kh8 47.Nxf3 f5 48.Bxf5 e4 49.c7 Rxf5 50.gxf5
exf3 51.c8=Q+ Kh7 52.f6

[Event "Qualifikationsturnier zu Staat"]
[Site "KOeflach"]
[Date "2006.09.04"]
[Round "3"]
[Board "1"]
[White "Frank, Paul"]
[Black "Saxer, Bernhard"]
[Result "1-0"]
[WhiteElo "2151"]
[BlackElo "2057"]
[PlyCount "91"]
[EventDate "2006.09.02"]
[EventRounds "9"]
[EventCountry "AUT"]

1.d4 Nf6 2.Nf3 e6 3.g3 Nc6 4.Bg2 g6 5.O-O Bg7 6.c4 d5 7.Nc3 O-O 8.Bg5 h6 9.Bf4
a6 10.Ne5 Ne7 11.Qb3 g5 12.Bd2 Rb8 13.a4 dxc4 14.Qxc4 Nf5 15.e3 Nd7 16.Nd3 Nd6
17.Qb3 b5 18.axb5 Nxb5 19.Qc2 Nb6 20.Nc5 Nc4 21.Nxa6 Bxa6 22.Rxa6 Nxd4 23.exd4
Rxb2 24.Qd3 Nxd2 25.Nd1 Nxf1 26.Nxb2 Bxd4 27.Nd1 Bxf2+ 28.Nxf2 Qxd3 29.Nxd3 Ne3
30.Rc6 Rd8 31.Nf2 Nxg2 32.Kxg2 Rd7 33.Ng4 Kg7 34.Ne5 Re7 35.Kf3 f6 36.Nd3 f5
37.Nc5 Kf6 38.Na6 g4+ 39.Ke3 Rh7 40.Nxc7 h5 41.Rxe6+ Kg5 42.Nd5 h4 43.Nf4 Rg7
44.Kd4 hxg3 45.hxg3 Rg8 46.Rd6

[Event "Qualifikationsturnier zu Staat"]
[Site "KOeflach"]
[Date "2006.09.04"]
[Round "3"]
[Board "1"]
[White "Brunner, Gerhard"]
[Black "Nickl, Klaus"]
[Result "0-1"]
[WhiteElo "2027"]
[BlackElo "2181"]
[PlyCount "34"]
[EventDate "2006.09.02"]
[EventRounds "9"]
[EventCountry "AUT"]

1.e4 e5 2.Nf3 Nc6 3.Bc4 Nf6 4.d4 exd4 5.O-O Nxe4 6.Nxd4 d5 7.Bb5 Bd7 8.Re1 Be7
9.f3 Nf6 10.Bxc6 bxc6 11.Qe2 c5 12.Bf4 Rc8 13.Nb3 Be6 14.Qa6 O-O 15.Qxa7 Nd7
16.Na5 Ra8 17.Bxc7 Rxa7

[Event "Qualifikationsturnier zu Staat"]
[Site "KOeflach"]
[Date "2006.09.05"]
[Round "4"]
[Board "1"]
[White "Neuschmied, Siegfried"]
[Black "Hoelzl, Franz"]
[Result "1-0"]
[WhiteElo "2295"]
[BlackElo "2351"]
[PlyCount "61"]
[EventDate "2006.09.02"]
[EventRounds "9"]
[EventCountry "AUT"]

1.e4 c5 2.c3 d6 3.d4 Nf6 4.f3 e6 5.Be3 Qb6 6.Qd2 Be7 7.Bd3 O-O 8.Ne2 Nc6 9.O-O
Rd8 10.Na3 d5 11.e5 cxd4 12.cxd4 Nd7 13.Nc2 Nb4 14.Nxb4 Bxb4 15.Qc1 Bf8 16.g4 g6
17.h4 Nb8 18.Rf2 Bd7 19.h5 Rc8 20.Qf1 Bg7 21.hxg6 fxg6 22.f4 Bb5 23.Bxb5 Qxb5
24.f5 Qd3 25.Rf3 Qe4 26.Qh3 Nc6 27.Nc3 Qd3 28.Rd1 Qc4 29.f6 Bf8 30.g5 Rc7
31.Qxe6+

[Event "Qualifikationsturnier zu Staat"]
[Site "KOeflach"]
[Date "2006.09.05"]
[Round "4"]
[Board "1"]
[White "Genser, Harald"]
[Black "Petschar, Kurt"]
[Result "1/2-1/2"]
[WhiteElo "2332"]
[BlackElo "2284"]
[PlyCount "45"]
[EventDate "2006.09.02"]
[EventRounds "9"]
[EventCountry "AUT"]

1.d4 d5 2.Nf3 Nf6 3.c4 c6 4.Nc3 a6 5.c5 Nbd7 6.Bf4 Nh5 7.Bd2 Nhf6 8.Rc1 g6 9.h3
Qc7 10.g3 Bg7 11.Bg2 O-O 12.O-O Ne4 13.Nxe4 dxe4 14.Bf4 e5 15.Nxe5 Nxe5 16.dxe5
Bxe5 17.Bxe5 Qxe5 18.Qb3 Rb8 19.Qc3 Qxc3 20.Rxc3 Rd8 21.Bxe4 Bxh3 22.Rfc1 Be6
23.b3

[Event "Qualifikationsturnier zu Staat"]
[Site "KOeflach"]
[Date "2006.09.05"]
[Round "4"]
[Board "1"]
[White "Fahrner, Kurt"]
[Black "Steiner, Bruno"]
[Result "1-0"]
[WhiteElo "2346"]
[BlackElo "2253"]
[PlyCount "105"]
[EventDate "2006.09.02"]
[EventRounds "9"]
[EventCountry "AUT"]

1.c4 e6 2.d4 d5 3.Nc3 Nf6 4.cxd5 exd5 5.Bg5 c6 6.e3 Be7 7.Bd3 Nbd7 8.Qc2 O-O
9.Nf3 Re8 10.O-O Nf8 11.h3 Ne4 12.Bf4 f5 13.Ne5 Bg5 14.Bh2 Nd7 15.Rae1 Bh4
16.Rd1 g6 17.Ne2 Nxe5 18.Bxe5 Bf6 19.Bxf6 Qxf6 20.f3 Qg5 21.fxe4 fxe4 22.Ba6
Qxe3+ 23.Kh2 bxa6 24.Qxc6 Bxh3 25.Nf4 Bg4 26.Qxd5+ Kh8 27.Rde1 Qd2 28.Rxe4 Bf5
29.Re2 Qb4 30.Ne6 Bxe6 31.Rxe6 Qb5 32.Qf3 Qg5 33.Qf6+ Qxf6 34.Rfxf6 Reb8 35.b3
Rb7 36.Rxa6 Rd8 37.Rad6 Kg7 38.Rxg6+ hxg6 39.Rxd8 Kf6 40.Rd6+ Kf5 41.Kg3 Rc7
42.Rd5+ Ke4 43.Rd6 Kf5 44.Ra6 Rc3+ 45.Kh2 Rc7 46.d5 g5 47.d6 Rd7 48.Kg3 Ke4
49.Kg4 Rg7 50.g3 Ke5 51.Ra5+ Kxd6 52.Rxg5 Rxg5+ 53.Kxg5

[Event "Qualifikationsturnier zu Staat"]
[Site "KOeflach"]
[Date "2006.09.05"]
[Round "4"]
[Board "1"]
[White "Dietmayer Kraeutler, Marco"]
[Black "Neumeier, Klaus"]
[Result "1/2-1/2"]
[WhiteElo "2246"]
[BlackElo "2283"]
[PlyCount "124"]
[EventDate "2006.09.02"]
[EventRounds "9"]
[EventCountry "AUT"]

1.d4 Nf6 2.Nf3 g6 3.Bf4 Bg7 4.Nbd2 O-O 5.c3 d6 6.e4 Nfd7 7.e5 dxe5 8.dxe5 Nc5
9.Nb3 Qxd1+ 10.Rxd1 Ne6 11.Bg3 a5 12.Bc4 a4 13.Nbd4 Nc5 14.e6 Nxe6 15.Nxe6 Bxe6
16.Bxe6 fxe6 17.Nd4 Bxd4 18.Rxd4 c6 19.Ke2 b5 20.Rhd1 Na6 21.Rd7 Rfe8 22.Bh4 Kf7
23.R1d3 e5 24.R3d6 Rac8 25.Ra7 Nc5 26.Rf6+ Kg8 27.Rf3 Ne6 28.Bxe7 Rc7 29.Rxc7
Nxc7 30.Bc5 Nd5 31.Kd2 e4 32.Rg3 Nf4 33.Kc2 Nd3 34.Be3 Rf8 35.h4 Rf5 36.b3 axb3+
37.Kxb3 Nxf2 38.Rg5 Rxg5 39.Bxg5 Kf7 40.c4 Nd3 41.cxb5 cxb5 42.Kc3 Ke6 43.Kd4
Kf5 44.Bd2 h5 45.g3 Ne5 46.Kc5 Nc4 47.Bc3 e3 48.Kxb5 Nd2 49.Bd4 Ke4 50.Bxe3 Kxe3
51.a4 Nb3 52.Kc4 Na5+ 53.Kb5 Nb7 54.Kc6 Na5+ 55.Kb5 Nb3 56.Kc4 Nd4 57.a5 Ke4
58.a6 Nc6 59.Kc5 Na7 60.Kb6 Nc8+ 61.Kc7 Na7 62.Kb6 Nc8+

[Event "Qualifikationsturnier zu Staat"]
[Site "KOeflach"]
[Date "2006.09.05"]
[Round "4"]
[Board "1"]
[White "Hatzl, Johannes"]
[Black "Schnider, Gert"]
[Result "0-1"]
[WhiteElo "2113"]
[BlackElo "2270"]
[PlyCount "54"]
[EventDate "2006.09.02"]
[EventRounds "9"]
[EventCountry "AUT"]

1.e4 e5 2.Nf3 Nc6 3.Bb5 a6 4.Ba4 Nf6 5.O-O Be7 6.Re1 b5 7.Bb3 O-O 8.d4 d6 9.c3
Bg4 10.Be3 exd4 11.cxd4 Na5 12.Nbd2 c5 13.Bc2 Nc6 14.Nb3 Nd7 15.h3 Bh5 16.dxc5
dxc5 17.Qd5 Nb4 18.Qd1 Ne5 19.Nbd2 Qc8 20.g4 Bxg4 21.hxg4 Qxg4+ 22.Kf1 Nxf3
23.Nxf3 Nxc2 24.Qxc2 Qxf3 25.Bxc5 Qh1+ 26.Ke2 Qh5+ 27.f3 Qxc5

[Event "Qualifikationsturnier zu Staat"]
[Site "KOeflach"]
[Date "2006.09.05"]
[Round "4"]
[Board "1"]
[White "Ganaus, Hannes"]
[Black "Winiwarter, Felix"]
[Result "1-0"]
[WhiteElo "2318"]
[BlackElo "2175"]
[PlyCount "53"]
[EventDate "2006.09.02"]
[EventRounds "9"]
[EventCountry "AUT"]

1.Nf3 f5 2.b4 Nf6 3.Bb2 e6 4.a3 Be7 5.g3 O-O 6.Bg2 d6 7.d4 Qe8 8.c4 Ne4 9.Nc3
Nd7 10.Nd2 Nxc3 11.Bxc3 e5 12.O-O Bf6 13.e3 g5 14.Re1 Qg6 15.Qc2 Re8 16.c5 dxc5
17.bxc5 Nf8 18.dxe5 Bxe5 19.Bxe5 Rxe5 20.Qc3 Re8 21.Rab1 f4 22.exf4 Rxe1+
23.Rxe1 gxf4 24.Qc4+ Be6 25.Qxf4 Rd8 26.Bxb7 Qc2 27.Qg5+

[Event "Qualifikationsturnier zu Staat"]
[Site "KOeflach"]
[Date "2006.09.05"]
[Round "4"]
[Board "1"]
[White "Meier, Alexander"]
[Black "Wukits, Rene"]
[Result "0-1"]
[WhiteElo "2145"]
[BlackElo "2298"]
[PlyCount "62"]
[EventDate "2006.09.02"]
[EventRounds "9"]
[EventCountry "AUT"]

1.e4 d5 2.exd5 Qxd5 3.Nc3 Qd6 4.d4 Nf6 5.Nf3 a6 6.Be3 b5 7.a3 Bb7 8.Be2 e6 9.O-O
Nbd7 10.Ng5 h6 11.Nh3 g5 12.f3 Qc6 13.Nf2 O-O-O 14.Qc1 Nh5 15.a4 b4 16.Nb5 axb5
17.Bxb5 Qd5 18.c4 bxc3 19.bxc3 Nf4 20.Qd1 Nb6 21.Nd3 Bd6 22.Nc5 Bxc5 23.dxc5 Nc4
24.Qxd5 Bxd5 25.Bf2 c6 26.Ba6+ Kc7 27.Rfe1 f6 28.a5 Ra8 29.Bxc4 Bxc4 30.Reb1
Rhb8 31.Rb6 Nd5

[Event "Qualifikationsturnier zu Staat"]
[Site "KOeflach"]
[Date "2006.09.05"]
[Round "4"]
[Board "1"]
[White "Titz, Heimo"]
[Black "Ferrari, Josef"]
[Result "1-0"]
[WhiteElo "2286"]
[BlackElo "2152"]
[PlyCount "77"]
[EventDate "2006.09.02"]
[EventRounds "9"]
[EventCountry "AUT"]

1.c4 c5 2.Nc3 Nf6 3.g3 d6 4.Bg2 g6 5.Nf3 Bg7 6.d4 cxd4 7.Nxd4 O-O 8.O-O Nc6
9.Nxc6 bxc6 10.Qa4 Be6 11.Bxc6 Rb8 12.Bf3 Qc7 13.b3 Ne4 14.Bxe4 Bxc3 15.Bh6 Bxa1
16.Bxf8 Bb2 17.Bh6 Bd7 18.Qa6 Bc8 19.Qc6 Qd8 20.Qd5 a5 21.Qd2 Ba3 22.Qc3 f6
23.Rd1 Bc5 24.Qd3 Kf7 25.Qd5+ Be6 26.Qd3 Qb6 27.e3 Bg4 28.Rb1 Bh3 29.Qe2 Be6
30.h4 Ba3 31.Qf3 Qc5 32.Rd1 a4 33.Rd3 axb3 34.Rxb3 Rb6 35.Bd5 Bxd5 36.Qxd5+ Qxd5
37.cxd5 Ra6 38.Rb8 Ra5 39.Rf8#

[Event "Qualifikationsturnier zu Staat"]
[Site "KOeflach"]
[Date "2006.09.05"]
[Round "4"]
[Board "1"]
[White "Srienz, Christian"]
[Black "Frank, Paul"]
[Result "0-1"]
[WhiteElo "2261"]
[BlackElo "2151"]
[PlyCount "78"]
[EventDate "2006.09.02"]
[EventRounds "9"]
[EventCountry "AUT"]

1.Nf3 Nf6 2.c4 g6 3.g3 Bg7 4.Bg2 O-O 5.O-O d5 6.cxd5 Nxd5 7.d4 Nc6 8.e4 Nb6 9.d5
Na5 10.Nc3 c6 11.dxc6 Nxc6 12.Bf4 Bg4 13.Qxd8 Rfxd8 14.Bc7 Rd3 15.Ne1 Rd2 16.Rb1
Bxc3 17.bxc3 Be2 18.Nf3 Rd3 19.Ne5 Nxe5 20.Bxe5 Bxf1 21.Bxf1 Rd2 22.a3 Rc8
23.Bd4 Ra2 24.Rb3 Kf8 25.Bb5 f6 26.e5 fxe5 27.Bxe5 Nc4 28.Bxc4 Rxc4 29.Rxb7 Rxa3
30.Kg2 a5 31.Kf3 a4 32.Ke3 Rc6 33.Ra7 Ra2 34.Kd4 a3 35.Kd5 Rc8 36.c4 Rd2+ 37.Ke4
Re2+ 38.Kd5 Rd8+ 39.Ke6 Rd6#

[Event "Qualifikationsturnier zu Staat"]
[Site "KOeflach"]
[Date "2006.09.05"]
[Round "4"]
[Board "1"]
[White "Holzer, Gerhard"]
[Black "Wiedner, Robert"]
[Result "1-0"]
[WhiteElo "2251"]
[BlackElo "2143"]
[PlyCount "135"]
[EventDate "2006.09.02"]
[EventRounds "9"]
[EventCountry "AUT"]

1.e4 c5 2.Nf3 d6 3.d4 cxd4 4.Nxd4 Nf6 5.Nc3 a6 6.Bd3 e5 7.Nb3 Be6 8.O-O Be7 9.a4
Nc6 10.Kh1 Nb4 11.f4 exf4 12.Bxf4 Nxd3 13.Qxd3 Qc7 14.Nd5 Bxd5 15.exd5 O-O 16.c4
Nd7 17.Rac1 Nc5 18.Nxc5 Qxc5 19.Be3 Qa5 20.b3 Rae8 21.Bd4 Qd8 22.Rf3 Bg5 23.Rcf1
Qd7 24.Rg3 f6 25.Rh3 f5 26.Rhf3 g6 27.Qc3 Bh6 28.a5 Re2 29.R3f2 Rfe8 30.Rxe2
Rxe2 31.Re1 Bd2 32.Rxe2 Bxc3 33.Bxc3 Qc7 34.Re8+ Kf7 35.Rh8 Qc5 36.Rxh7+ Ke8
37.h4 Qe3 38.Rh8+ Kd7 39.Rh7+ Kc8 40.Rh8+ Kc7 41.Rh7+ Kb8 42.Bb4 Qf4 43.Rd7 Kc8
44.Rxd6 Qxh4+ 45.Kg1 Qd4+ 46.Kh2 g5 47.Rg6 Qe5+ 48.Kg1 g4 49.Bd6 Qe3+ 50.Kh2
Qxb3 51.Be5 Qxc4 52.Rg8+ Kd7 53.Rg7+ Ke8 54.d6 Qd5 55.d7+ Kf8 56.Bc7 Kxg7
57.d8=Q Qe6 58.Bf4 Qe4 59.Qd6 Kf7 60.Bd2 Ke8 61.Kg3 Kf7 62.Qf4 Qd3+ 63.Be3 Ke6
64.Qd4 Qe2 65.Qb6+ Kf7 66.Qxb7+ Kg6 67.Qc6+ Kf7 68.Qd7+

[Event "Qualifikationsturnier zu Staat"]
[Site "KOeflach"]
[Date "2006.09.05"]
[Round "4"]
[Board "1"]
[White "Wersching, Alfred"]
[Black "Lenz, Alarich"]
[Result "0-1"]
[WhiteElo "2080"]
[BlackElo "2196"]
[PlyCount "124"]
[EventDate "2006.09.02"]
[EventRounds "9"]
[EventCountry "AUT"]

1.d4 Nf6 2.c4 e6 3.Nc3 Bb4 4.Nf3 b6 5.Bg5 h6 6.Bh4 Bb7 7.Qb3 c5 8.e3 g5 9.Bg3
Ne4 10.Be5 Bxc3+ 11.bxc3 f6 12.Bxb8 Rxb8 13.Bd3 Qe7 14.d5 Nd6 15.Bg6+ Kf8 16.Rd1
Kg7 17.Bb1 e5 18.e4 Ba6 19.Nd2 b5 20.Qa3 Rb6 21.Qxc5 Rc8 22.Qe3 Nxc4 23.Nxc4
Rxc4 24.O-O Qc5 25.Qh3 Qc7 26.Bd3 Rxc3 27.Qf5 d6 28.Qg4 Bc8 29.Qh5 Qf7 30.Qe2 b4
31.h4 gxh4 32.f4 Qg6 33.f5 Qg5 34.Rf3 b3 35.Qe1 Rc5 36.axb3 Rxb3 37.Kh2 Rb2
38.Qg1 Bd7 39.Kh3 h5 40.g4 hxg4+ 41.Qxg4 Rh2+ 42.Kxh2 Qxg4 43.Rg1 Qxg1+ 44.Kxg1
Kh6 45.Rf2 Rc3 46.Bf1 Kg5 47.Ra2 Rc1 48.Kf2 Kf4 49.Rxa7 Rc2+ 50.Ke1 Be8 51.Ra3
Rb2 52.Rh3 Kxe4 53.Rxh4+ Kxd5 54.Bc4+ Kc5 55.Be6 d5 56.Rh6 d4 57.Rh8 Ba4 58.Rc8+
Kd6 59.Rd8+ Ke7 60.Ra8 Bc6 61.Ra6 Kd6 62.Bc4 e4

[Event "Qualifikationsturnier zu Staat"]
[Site "KOeflach"]
[Date "2006.09.05"]
[Round "4"]
[Board "1"]
[White "Schachinger, Mario"]
[Black "Holzbauer, Johannes"]
[Result "1-0"]
[WhiteElo "2277"]
[BlackElo "2098"]
[PlyCount "85"]
[EventDate "2006.09.02"]
[EventRounds "9"]
[EventCountry "AUT"]

1.e4 b6 2.d4 Bb7 3.Bd3 e6 4.Nf3 Nf6 5.Nc3 Bb4 6.Qe2 d5 7.e5 Ne4 8.Bd2 Nxd2
9.Qxd2 Nd7 10.a3 Bxc3 11.bxc3 h6 12.O-O O-O 13.Rae1 Qe7 14.Qc1 c5 15.Re3 a5
16.Ne1 Ba6 17.Rg3 Bxd3 18.Nxd3 Kh7 19.f4 f5 20.exf6 Qxf6 21.Qe3 Rac8 22.f5 cxd4
23.cxd4 exf5 24.Nf4 g5 25.Nxd5 Qf7 26.Ne7 Rce8 27.Re1 Nf6 28.Rh3 Qg7 29.Nxf5
Rxe3 30.Rexe3 Nd5 31.Nxg7 Nxe3 32.Rxe3 Kxg7 33.c4 Rc8 34.Rc3 b5 35.c5 Kf7 36.Kf2
Ke6 37.Ke3 Kd5 38.Kd3 b4 39.axb4 axb4 40.Rc1 Ra8 41.c6 Kd6 42.c7 Rc8 43.Rc5

[Event "Qualifikationsturnier zu Staat"]
[Site "KOeflach"]
[Date "2006.09.05"]
[Round "4"]
[Board "1"]
[White "Gneiss, Karl"]
[Black "Schwab, Rene"]
[Result "1-0"]
[WhiteElo "2103"]
[BlackElo "2224"]
[PlyCount "55"]
[EventDate "2006.09.02"]
[EventRounds "9"]
[EventCountry "AUT"]

1.e4 c6 2.c4 a6 3.Nf3 b5 4.d4 bxc4 5.Bxc4 d5 6.Bb3 Bg4 7.Nc3 e6 8.h3 dxe4 9.hxg4
exf3 10.Qxf3 Qxd4 11.Be3 Qf6 12.Qe4 Ne7 13.O-O-O Nd7 14.Rxd7 Kxd7 15.Rd1+ Nd5
16.Bxd5 cxd5 17.Qa4+ Kc7 18.Bf4+ Bd6 19.Bxd6+ Kd8 20.Qa5+ Ke8 21.Nxd5 Qg5+ 22.f4
Rc8+ 23.Nc7+ Rxc7+ 24.Qxc7 Qd8 25.Qc6+ Qd7 26.Qa8+ Qd8 27.Qxa6 Qc8+ 28.Qxc8#

[Event "Qualifikationsturnier zu Staat"]
[Site "KOeflach"]
[Date "2006.09.05"]
[Round "4"]
[Board "1"]
[White "Kreindl, Helmut"]
[Black "Zojer, Thomas"]
[Result "1/2-1/2"]
[WhiteElo "2200"]
[BlackElo "2088"]
[PlyCount "99"]
[EventDate "2006.09.02"]
[EventRounds "9"]
[EventCountry "AUT"]

1.d4 d5 2.Bf4 Nf6 3.e3 c6 4.c4 a6 5.Nc3 Bf5 6.Nf3 e6 7.h3 Bd6 8.Ne5 dxc4 9.Bxc4
O-O 10.O-O h6 11.Qe2 Qc7 12.Rac1 c5 13.Bg3 Nc6 14.Nxc6 Bxg3 15.fxg3 Qxc6 16.d5
Qd7 17.Rcd1 e5 18.e4 Bg6 19.a4 Ne8 20.d6 Nxd6 21.Rd5 Qe7 22.Rfd1 Rad8 23.Qd3
Nxc4 24.Rxd8 Nxb2 25.Qd6 Qxd6 26.R1xd6 b5 27.axb5 axb5 28.Nxb5 Bxe4 29.Nc3 Bg6
30.Nd5 Rxd8 31.Rxd8+ Kh7 32.Rc8 Nd3 33.Nc3 Bf5 34.Rc7 Be6 35.Na4 Kg6 36.Nxc5
Nxc5 37.Rxc5 f6 38.g4 h5 39.gxh5+ Kxh5 40.Rc7 Kh6 41.Kf2 Bd5 42.g4 g5 43.Rd7 Be4
44.Kg3 Kg6 45.Ra7 Bd3 46.h4 gxh4+ 47.Kxh4 Be4 48.Ra6 Kg7 49.Rd6 Bc2 50.Rb6

[Event "Qualifikationsturnier zu Staat"]
[Site "KOeflach"]
[Date "2006.09.05"]
[Round "4"]
[Board "1"]
[White "Nickl, Klaus"]
[Black "Poetz, Florian"]
[Result "1/2-1/2"]
[WhiteElo "2181"]
[BlackElo "2079"]
[PlyCount "34"]
[EventDate "2006.09.02"]
[EventRounds "9"]
[EventCountry "AUT"]

1.d4 e6 2.a3 c5 3.e3 Nf6 4.dxc5 a5 5.Nf3 Bxc5 6.c4 b6 7.Nc3 Bb7 8.Bd3 Nc6 9.O-O
d5 10.cxd5 Nxd5 11.Nxd5 Qxd5 12.Bb5 Rd8 13.Qxd5 Rxd5 14.Bd2 O-O 15.Bc3 Rfd8
16.Be2 Kf8 17.Bc4 R5d7

[Event "Qualifikationsturnier zu Staat"]
[Site "KOeflach"]
[Date "2006.09.05"]
[Round "4"]
[Board "1"]
[White "Mittendorfer, Josef"]
[Black "Halvax, Georg"]
[Result "1/2-1/2"]
[WhiteElo "2127"]
[BlackElo "1969"]
[PlyCount "69"]
[EventDate "2006.09.02"]
[EventRounds "9"]
[EventCountry "AUT"]

1.d4 d5 2.g3 e6 3.Bg2 Nf6 4.Nf3 Be7 5.c4 O-O 6.O-O dxc4 7.Qc2 a6 8.a4 Bd7 9.Ne5
Nd5 10.Nxc4 Nc6 11.Rd1 Bf6 12.e3 a5 13.Nc3 Ncb4 14.Qe2 Bc6 15.e4 Nb6 16.Nxb6
cxb6 17.Be3 Re8 18.Rac1 Qd7 19.b3 Qe7 20.d5 exd5 21.exd5 Bd7 22.Qd2 Qd8 23.Ne4
Be5 24.f4 Bb8 25.Qf2 Ba7 26.Kh1 Bf5 27.Nc3 Nd3 28.Rxd3 Bxd3 29.Rd1 Bc2 30.Qxc2
Rxe3 31.Nb5 Qd7 32.d6 Bb8 33.Nc7 Ra7 34.Nb5 Ra8 35.Nc7

[Event "Qualifikationsturnier zu Staat"]
[Site "KOeflach"]
[Date "2006.09.05"]
[Round "4"]
[Board "1"]
[White "Prager, Manfred"]
[Black "Brunner, Gerhard"]
[Result "0-1"]
[WhiteElo "2035"]
[BlackElo "2027"]
[PlyCount "104"]
[EventDate "2006.09.02"]
[EventRounds "9"]
[EventCountry "AUT"]

1.e4 c5 2.Nf3 d6 3.d4 cxd4 4.Nxd4 Nf6 5.Nc3 a6 6.Be2 e5 7.Nb3 Be6 8.O-O Be7
9.Be3 O-O 10.h3 d5 11.exd5 Nxd5 12.Nxd5 Bxd5 13.c4 Bc6 14.Qxd8 Bxd8 15.Rfd1 a5
16.Nd2 f5 17.Bc5 Re8 18.Nf1 Na6 19.Bd6 Bb6 20.c5 Nxc5 21.Bc4+ Kh8 22.Bf7 Red8
23.Bxe5 Ne4 24.Ne3 f4 25.Nf5 Bxf2+ 26.Kh2 Bg3+ 27.Kh1 h6 28.Bxg7+ Kh7 29.Bd4 Rf8
30.Be6 Rae8 31.Ng7 Nf2+ 32.Bxf2 Kxg7 33.Bd4+ Kg6 34.Bg4 f3 35.Bxf3 Bxf3 36.gxf3
Re2 37.Bc3 Rxf3 38.Rf1 Bf2 39.Bd4 Rxh3+ 40.Kg2 Rg3+ 41.Kh2 Be1+ 42.Kh1 Re4
43.Bf6 Bd2 44.Rad1 Re2 45.Bd4 Rg4 46.Rf6+ Kg5 47.Rd6 Bf4 48.Bf6+ Kf5 49.R1d5+
Ke4 50.Rd4+ Kf3 51.Rd3+ Be3 52.Bd8 Rg1#

[Event "Qualifikationsturnier zu Staat"]
[Site "KOeflach"]
[Date "2006.09.06"]
[Round "5"]
[Board "1"]
[White "Neuschmied, Siegfried"]
[Black "Baumegger, Siegfried"]
[Result "1-0"]
[WhiteElo "2295"]
[BlackElo "2411"]
[PlyCount "103"]
[EventDate "2006.09.02"]
[EventRounds "9"]
[EventCountry "AUT"]

1.e4 e6 2.d4 d5 3.Nd2 c5 4.dxc5 Bxc5 5.Bd3 Nc6 6.Ngf3 Nge7 7.O-O O-O 8.exd5 exd5
9.Nb3 Bb6 10.Bf4 Ng6 11.Bg3 Qf6 12.c3 Bg4 13.Bxg6 Qxg6 14.Qxd5 Rad8 15.Qg5 Bxf3
16.Qxg6 fxg6 17.gxf3 Rxf3 18.Rad1 Rfd3 19.Rxd3 Rxd3 20.Re1 Kf7 21.Kg2 Ne7 22.c4
Nf5 23.c5 Bd8 24.Rc1 h5 25.Bb8 Bf6 26.c6 bxc6 27.Rxc6 Nh4+ 28.Kf1 Rd1+ 29.Ke2
Rb1 30.Rc7+ Kg8 31.Rc2 a6 32.Nc5 Nf5 33.Kd3 Nd4 34.Rd2 Nf3 35.Re2 Rd1+ 36.Ke4
Ng5+ 37.Kf4 Rd4+ 38.Ke3 Rb4 39.Bf4 Nh3 40.Nd3 Rc4 41.Be5 Ng5 42.f3 Bd8 43.Kf2
Bb6+ 44.Kg2 Ne6 45.Bc3 Rc6 46.Re4 Bc7 47.f4 Kf7 48.h4 Bd6 49.Kf3 Rc8 50.Ra4 Rc6
51.Ke4 Bxf4 52.Nxf4

[Event "Qualifikationsturnier zu Staat"]
[Site "KOeflach"]
[Date "2006.09.06"]
[Round "5"]
[Board "1"]
[White "Lendwai, Reinhard"]
[Black "Petschar, Kurt"]
[Result "1/2-1/2"]
[WhiteElo "2428"]
[BlackElo "2284"]
[PlyCount "94"]
[EventDate "2006.09.02"]
[EventRounds "9"]
[EventCountry "AUT"]

1.e4 e5 2.Bc4 Nf6 3.d3 c6 4.Nf3 d5 5.Bb3 Bb4+ 6.c3 Bd6 7.exd5 cxd5 8.Bg5 Be6
9.O-O Nc6 10.Nbd2 O-O 11.Re1 Re8 12.h3 a6 13.a3 Rc8 14.Ba2 Kh8 15.b4 Qd7 16.c4
d4 17.b5 axb5 18.cxb5 Nd8 19.Nxe5 Qxb5 20.Rb1 Qa6 21.Bxf6 gxf6 22.Bc4 Qxa3
23.Bxe6 fxe6 24.Nec4 Rxc4 25.Nxc4 Qc5 26.Qf3 Be7 27.Rec1 Qg5 28.Re1 b5 29.Na5
Bd6 30.Nc6 Nf7 31.g3 b4 32.h4 Qg6 33.Kg2 f5 34.Re2 Rg8 35.Nxd4 Ne5 36.Rxe5 Bxe5
37.Qe3 Qf6 38.Nc6 Bc3 39.d4 Rc8 40.Ne5 Rd8 41.Rd1 Rd5 42.Nf3 Rd6 43.Qf4 Rd5
44.Rd3 Kg8 45.Kh2 h6 46.Rd1 Kg7 47.Rd3 Rd7

[Event "Qualifikationsturnier zu Staat"]
[Site "KOeflach"]
[Date "2006.09.06"]
[Round "5"]
[Board "1"]
[White "Krebs, Johann"]
[Black "Fahrner, Kurt"]
[Result "0-1"]
[WhiteElo "2276"]
[BlackElo "2346"]
[PlyCount "128"]
[EventDate "2006.09.02"]
[EventRounds "9"]
[EventCountry "AUT"]

1.d4 d5 2.Nf3 Nf6 3.c4 c6 4.Nc3 dxc4 5.a4 Na6 6.e4 Bg4 7.Bxc4 Bxf3 8.gxf3 e6
9.Bxa6 bxa6 10.Qd3 a5 11.Qc4 Qd7 12.O-O Rb8 13.Be3 Be7 14.Rfc1 O-O 15.Rc2 h6
16.Rac1 Rb4 17.Qa6 Rfb8 18.Nd1 R4b6 19.Qe2 Bb4 20.d5 cxd5 21.Bxb6 axb6 22.e5 Nh5
23.Rc7 Qd8 24.f4 Nxf4 25.Qf3 Bc5 26.Ra7 Qg5+ 27.Kh1 Rf8 28.Ne3 Nd3 29.Rg1 Nxf2+
30.Qxf2 Qxe3 31.Qxe3 Bxe3 32.Re1 Bd4 33.Rb7 Rc8 34.Rf1 Bxb2 35.Rfxf7 Bxe5
36.Rfe7 Rc6 37.h4 h5 38.Re8+ Kh7 39.Rbe7 Rc4 40.Rxe6 Rxh4+ 41.Kg2 Bf6 42.Rxb6
Rxa4 43.Rd6 Rg4+ 44.Kf3 Rg5 45.Kf4 Kg6 46.Ra8 Rf5+ 47.Kg3 d4 48.Rda6 Kg5 49.Rxa5
Be5+ 50.Kg2 h4 51.Re8 Kf4 52.Kh3 g5 53.Rg8 d3 54.Ra4+ Ke3 55.Re8 d2 56.Ra1 Kd3
57.Rd8+ Bd4 58.Kg4 Re5 59.Rd1 Re4+ 60.Kf5 Re2 61.Kxg5 h3 62.Kg4 h2 63.Kf3 h1=Q+
64.Rxh1 Re1

[Event "Qualifikationsturnier zu Staat"]
[Site "KOeflach"]
[Date "2006.09.06"]
[Round "5"]
[Board "1"]
[White "Schnider, Gert"]
[Black "Bawart, Markus"]
[Result "0-1"]
[WhiteElo "2270"]
[BlackElo "2334"]
[PlyCount "94"]
[EventDate "2006.09.02"]
[EventRounds "9"]
[EventCountry "AUT"]

1.e4 e5 2.Nf3 d6 3.d4 exd4 4.Nxd4 Nf6 5.Nc3 Be7 6.Be2 O-O 7.Be3 Re8 8.g4 d5 9.e5
c5 10.Nf5 Bxf5 11.gxf5 d4 12.Nb5 Qd5 13.Bf3 Qxe5 14.Bxb7 a6 15.Bxa8 axb5 16.Qf3
dxe3 17.O-O-O e2 18.Rde1 Bd6 19.Kb1 b4 20.Qd3 Ng4 21.f4 Qe7 22.Rhg1 Nf6 23.Qg3
Qf8 24.Bf3 Nbd7 25.Rxe2 Rxe2 26.Bxe2 Nd5 27.Rf1 N7f6 28.Bc4 Nb6 29.Bb5 h6 30.Rd1
Bc7 31.a3 Nbd5 32.axb4 cxb4 33.Qf3 Qc5 34.Ba4 Ne3 35.Qa8+ Kh7 36.Re1 Nxf5 37.Bb3
Nd4 38.Ba4 Bxf4 39.Qb7 Bc7 40.Rd1 Ne6 41.h4 g6 42.Bb3 Kg7 43.Qc8 Nf4 44.Rd7 Nxd7
45.Qxd7 h5 46.Bxf7 Qd6 47.Qe8 Qf8

[Event "Qualifikationsturnier zu Staat"]
[Site "KOeflach"]
[Date "2006.09.06"]
[Round "5"]
[Board "1"]
[White "Hoelzl, Franz"]
[Black "Bachler, Reinhard"]
[Result "1-0"]
[WhiteElo "2351"]
[BlackElo "2274"]
[PlyCount "41"]
[EventDate "2006.09.02"]
[EventRounds "9"]
[EventCountry "AUT"]

1.d4 e6 2.Nf3 f5 3.g3 b6 4.Bg2 Bb7 5.O-O Nf6 6.c4 d6 7.Nc3 Ne4 8.Ng5 Nxc3 9.bxc3
Bxg2 10.Kxg2 Qd7 11.d5 e5 12.Ne6 Na6 13.Qc2 g6 14.e4 fxe4 15.Be3 c5 16.Qxe4 Nc7
17.f4 Rb8 18.Nxf8 Rxf8 19.fxe5 dxe5 20.Qxe5+ Qe7 21.Rxf8+

[Event "Qualifikationsturnier zu Staat"]
[Site "KOeflach"]
[Date "2006.09.06"]
[Round "5"]
[Board "1"]
[White "Lenz, Alarich"]
[Black "Genser, Harald"]
[Result "1/2-1/2"]
[WhiteElo "2196"]
[BlackElo "2332"]
[PlyCount "63"]
[EventDate "2006.09.02"]
[EventRounds "9"]
[EventCountry "AUT"]

1.d4 Nf6 2.c4 e6 3.Nc3 Bb4 4.Nf3 d5 5.e3 O-O 6.Bd3 c5 7.O-O cxd4 8.exd4 dxc4
9.Bxc4 Nbd7 10.Bd3 b6 11.a3 Be7 12.Re1 Bb7 13.Bc2 Re8 14.Qd3 g6 15.Bh6 Qc7
16.Ne5 Rad8 17.Qh3 Nxe5 18.dxe5 Nd5 19.Ba4 Bc6 20.Bxc6 Qxc6 21.Ne4 Qc2 22.Rab1
Rd7 23.Qf3 Qc8 24.h4 Qb8 25.Ng5 Bf8 26.Bxf8 Rxf8 27.h5 h6 28.Ne4 Qd8 29.Rbd1 Kg7
30.Nf6 Nxf6 31.exf6+ Kg8 32.Rxd7